The present status of German youth, (Record no. 89966)

MARC details
000 -LEADER
fixed length control field 00857cam a22002651 4500
001 - CONTROL NUMBER
control field sd 46000032
003 - CONTROL NUMBER IDENTIFIER
control field DLC
005 - DATE AND TIME OF LATEST TRANSACTION
control field 20260227112735.0
008 - FIXED-LENGTH DATA ELEMENTS--GENERAL INFORMATION
fixed length control field 810512s1946 dcu f000 0 eng c
010 ## - LIBRARY OF CONGRESS CONTROL NUMBER
LC control number sd 46000032
035 ## - SYSTEM CONTROL NUMBER
System control number (OCoLC)7412631
040 ## - CATALOGING SOURCE
Original cataloging agency U.S. Dept. of State. Libr.
Transcribing agency MChB
Modifying agency MChB
-- DLC
042 ## - AUTHENTICATION CODE
Authentication code premarc
043 ## - GEOGRAPHIC AREA CODE
Geographic area code e-gx---
050 00 - LIBRARY OF CONGRESS CALL NUMBER
Classification number HQ799.G5
Item number K4
082 ## - DEWEY DECIMAL CLASSIFICATION NUMBER
Classification number 362.7
100 1# - MAIN ENTRY--PERSONAL NAME
Personal name Kellermann, Henry J.
245 14 - TITLE STATEMENT
Title The present status of German youth,
Statement of responsibility, etc. by Henry J. Kellermann.
260 ## - PUBLICATION, DISTRIBUTION, ETC.
Place of publication, distribution, etc. [Washington,
Name of publisher, distributor, etc. U.S. Govt. Print. Off.,
Date of publication, distribution, etc. 1946]
300 ## - PHYSICAL DESCRIPTION
Extent 1 p.l., 25 p.
Dimensions 26 cm.
490 0# - SERIES STATEMENT
Series statement [U.S. Dept. of State. Publication 2583. European series,
Volume/sequential designation 11]
500 ## - GENERAL NOTE
General note "Reprinted from recent issues of the Department of state bulletin."
650 #0 - SUBJECT ADDED ENTRY--TOPICAL TERM
Topical term or geographic name entry element Youth
Geographic subdivision Germany.
650 #0 - SUBJECT ADDED ENTRY--TOPICAL TERM
Topical term or geographic name entry element Reconstruction (1939-1951)
Geographic subdivision Germany.

No items available.

Powered by Koha